कुइयाँजान / (Record no. 116944)

MARC details
000 -LEADER
fixed length control field 01091nam a22002537a 4500
005 - DATE AND TIME OF LATEST TRANSACTION
control field 20170124103047.0
010 ## - LIBRARY OF CONGRESS CONTROL NUMBER
LC control number B-240625
020 ## - INTERNATIONAL STANDARD BOOK NUMBER
Terms of availability 400.00
International Standard Book Number 8171380875
035 ## - SYSTEM CONTROL NUMBER
System control number B-240625
037 ## - SOURCE OF ACQUISITION
Source of stock number/acquisition Cen Lib/Ret
040 ## - CATALOGING SOURCE
Original cataloging agency DPL
Language of cataloging HN
082 ## - DEWEY DECIMAL CLASSIFICATION NUMBER
Classification number
Item number शर्माना
100 ## - MAIN ENTRY--PERSONAL NAME
Personal name शर्मा, नासिरा
9 (RLIN) 69155
245 ## - TITLE STATEMENT
Title कुइयाँजान /
Statement of responsibility, etc नासिरा शर्मा
246 ## - VARYING FORM OF TITLE
Title proper/short title Kuyiyaanjaan /
Remainder of title by Nasira Sharma
260 ## - PUBLICATION, DISTRIBUTION, ETC. (IMPRINT)
Place of publication, distribution, etc नयी दिल्ली
Name of publisher, distributor, etc सामायिक प्रकाशन
Date of publication, distribution, etc 2007
270 ## - ADDRESS
Address 3320-21, जटवाडा, नेताजी सुभाष मार्ग, दरयागंज
City नयी दिल्ली
Postal code 110002
300 ## - PHYSICAL DESCRIPTION
Extent 146पृ.
Dimensions 19सेमी (सजिल्द )
650 ## - SUBJECT ADDED ENTRY--TOPICAL TERM
Topical term or geographic name as entry element हिंदी साहित्य
General subdivision
Geographic subdivision
9 (RLIN) 69156
650 ## - SUBJECT ADDED ENTRY--TOPICAL TERM
Topical term or geographic name as entry element हिंदी साहित्य
Form subdivision
General subdivision उपन्यास
9 (RLIN) 69157
650 ## - SUBJECT ADDED ENTRY--TOPICAL TERM
Topical term or geographic name as entry element Hindi literature
9 (RLIN) 69158
650 ## - SUBJECT ADDED ENTRY--TOPICAL TERM
Topical term or geographic name as entry element Hindi literature
General subdivision fiction
9 (RLIN) 69159
942 ## - ADDED ENTRY ELEMENTS (KOHA)
Source of classification or shelving scheme Dewey Decimal Classification
Koha item type Hindi Books
Classification part
Call number suffix शर्माना
Holdings
Withdrawn status Lost status Damaged status Not for loan Home library Current library Date acquired Source of acquisition Cost, normal purchase price Total Checkouts Full call number Barcode Date last seen Date checked out Copy number Cost, replacement price Price effective from Koha item type Public note
Written off       Central Library Central Library 26/08/2015 Cen Lib/Ref 400.00 3 उ शर्माना B-240625 05/09/2017 21/08/2017 1 400.00 26/08/2015 Hindi Books Written off on approval by DLB (By Circulation); dtd 15-06-2023

© Delhi Public Library
Hit Counter
free hit counter